| 000 | 01553nam a2200253 4500 | ||
|---|---|---|---|
| 001 | 0000008466 | ||
| 005 | 20250329165504.0 | ||
| 008 | 180125s2017 000 0 eng d | ||
| 040 |
_aCO-CtgCURN _bspa _ccoctgcurn |
||
| 082 | 0 |
_aTCS 2017 _bB713 |
|
| 100 | 1 | _aBonfante Casanova, Yesenia. | |
| 245 | 1 | 0 |
_aIdentificación de las fortalezas, oportunidades, amenazas y aspectos por mejorar en los hoteles cinco estrellas en Cartagena / _cYesenia Bonfante Casanova; Daniel Eduardo Díaz Rodríguez; Yuranis María Sierra González. |
| 260 |
_aCartagena de Indias : _bCorporación Universitaria Rafael Nuñez, _c2017. |
||
| 300 | _a80 p. | ||
| 502 | _aTrabajo de Grado. (Tecnologo en Contabilidad Sistematizada ). Corporación Universitaria Rafael Nuñez . Facultad de Ciencias Contables y Administrativas . Programa de Tecnologia en Contabilidad Sistematizada, 2017. | ||
| 520 | _aEn este estudio se buscar identificar la fortalezas, oportunidades y amenazas del sector turistico de Cartagena, delimitando a los hoteles cinco estrellas. | ||
| 650 | 0 |
_aContabilidad sistematizada _vTesis y Disertaciones Academicas. |
|
| 700 | 1 | _aDíaz Rodríguez,Daniel Eduardo. | |
| 700 | 1 | _aSierra González, Yuranis María. | |
| 700 | 1 |
_aCaballero Tovio, Antonio, _cAsesor. |
|
| 856 | 7 |
_uhttps://unicurn.sharepoint.com/:b:/s/biblioteca/EfdakBch6-pEg6q3yScyVo0BEoGk8ypNtGev_zM9qgC3Lg?e=wPdX6b _zClick aqui para ver el recurso en texto completo |
|
| 942 |
_2ddc _cTG _hTCS 2017 _iB713 |
||
| 999 |
_c5690 _d5690 |
||